000 00294nam a22001337a 4500
008 181016b xxu||||| |||| 00| 0 eng d
020 _a9780073190761
041 _aeng
080 _2 8 ED
_a710
100 _a45
101 _aART
245 _aLiving With Art
_cMark.g
942 _2udc
_cBK
999 _c49830
_d49830